00373nam a22001097a 4500003000400000082001800004100001600022245013900038260004600177300000700223650003300230SGT a617.522bC24S aSunil Kumar aComparison between efficacy of 45 degree turbine handpiece vs conventional motor handpiece in surgical removal of impacted third molar aGurugram, Haryana bSGT University c2024 a83 aOral & Maxillofacial Surgery